Maps of Sydney without Labels - Statistics

General Stats
  • This quiz has been taken 39 times
    38 since last reset
  • The average score is 10 of 14
Answer Stats
Picture Answer % Correct
Sydney | Barangaroo | The Rocks | Millers Point | Dawes Point
97%
Parramatta | Harris Park | Westmead | Mays Hill | North Parramatta
89%
Mascot | Botany | Port Botany | Matraville | Banksmeadow
86%
Wentworth Point | Concord West | Rhodes | Putney | Ryde | Liberty Grove
77%
Russell Lea | Rodd Point | Drummoyne | Five Dock | Haberfield | Leichhardt | Lilyfield
71%
Sydney Olympic Park | Lidcombe | Homebush
71%
Pemulwuy | Prospect | Wetherill Park
69%
Sandringham | Taren Point | Sans Souci | Dolls Point | Caringbah | Kurnell
69%
Glebe | Redfern | Darlington | Camperdown | Ultimo | Chippendale
66%
Hunters Hill | Gladesville | Henley | Huntleys Cove | Huntleys Point | Abbotsford | Chiswick | Russell Lea | Drummoyne
66%
Marrickville | Tempe | Earlwood | Wolli Creek | Turella
66%
Randwick | Kensington | Moore Park | Centennial Park
66%
Asquith | Hornsby | Waitara
46%
Carlingford | Epping
46%
No matching quizzes found
Score Distribution
Percent of People with Each Score
Percentile by Number Answered
Your Score History
You have not taken this quiz since the last reset